Normale Ansicht MARC-Ansicht ISBD

Autos bauen im Sozialismus : (Titelsatznr. 21902)

[ MARC ]
MARC-Details
000 -Satzkennung
Kontrollfeld mit fester Länge 00932nam a22003251c 4500
001 - Kontrollnummer
Kontrollfeld ht015664346
008 - Feld mit fester Länge zur physischen Beschreibung - Allgemeine Angaben
Kontrollfeld mit fester Länge 110207s2008 gw |||| 000u ger d
020 ## - Internationale Standardbuchnummer
Internationale Standardbuchnummer 9783865831
Verknüpfung 978-3-86583-1
041 ## - Sprachcode
Sprachcode des Textes/der Tonspur oder des separaten Titels ger
040 ## - Katalogisierungsquelle
Übertragungsstelle RU-10907106
003 - Kontrollnummer Identifier
Kontrollfeld RU-10907106
100 1# - Haupteintragung - Personenname
Personenname Friedreich, Sönke
245 00 - Titel
Titel Autos bauen im Sozialismus :
Zusatz zum Titel Arbeit und Organisationskultur in der Zwickauer Automobilindustrie nach 1945
264 ## - Produktion, Veröffentlichung, Distribution, Herstellung und Urheberrechtsvermerk
Herstellungs-, Veröffentlichungs- Vertriebs-, Erzeugungsort Leipzig :
Produzent, Herausgeber, Distributor, Hersteller Leipziger Univ.-Verl.,
Datum der Herstellung, der Veröffentlichung, des Vertriebs oder des Urheberschutzvermerks 2008
300 ## - Physische Beschreibung
Umfang 565 S.
490 #0 - Gesamttitelangabe
Gesamttitelangabe Schriften zur sächsischen Geschichte und Volkskunde
Bandnummer/Folgebezeichnung 25
502 ## - Dissertationsvermerk
Dissertationsvermerk Teilw. zugl.: Kiel, Univ., Habil.-Schr., 2006/07
650 #0 - Nebeneintragung unter einem Schlagwort - Sachschlagwort
Sachschlagwort oder geografischer Name als Eintragungselement Industrie
650 #0 - Nebeneintragung unter einem Schlagwort - Sachschlagwort
Sachschlagwort oder geografischer Name als Eintragungselement Wirtschaft
650 #0 - Nebeneintragung unter einem Schlagwort - Sachschlagwort
Sachschlagwort oder geografischer Name als Eintragungselement Verkehr
650 #0 - Nebeneintragung unter einem Schlagwort - Sachschlagwort
Sachschlagwort oder geografischer Name als Eintragungselement Automobilindustrie
650 #0 - Nebeneintragung unter einem Schlagwort - Sachschlagwort
Sachschlagwort oder geografischer Name als Eintragungselement Sozialismus
650 #0 - Nebeneintragung unter einem Schlagwort - Sachschlagwort
Sachschlagwort oder geografischer Name als Eintragungselement Alltag
650 #0 - Nebeneintragung unter einem Schlagwort - Sachschlagwort
Sachschlagwort oder geografischer Name als Eintragungselement Transformation
651 #0 - Nebeneintragung unter einem Schlagwort - Geografischer Name
Geografischer Name Zwickau
651 #0 - Nebeneintragung unter einem Schlagwort - Geografischer Name
Geografischer Name Sachsen
651 #0 - Nebeneintragung unter einem Schlagwort - Geografischer Name
Geografischer Name
655 #0 - Indexierungsterm - Genre/Form
Genre/Form oder fokussierter Term Hochschulschrift
942 ## - Zusätzliche Felder (Koha)
Koha-Medientyp Monographien
Exemplare
Ausgeschieden Verloren Klassifikation oder Aufstellungssystematik Beschädigt Nicht entleihbar Heimatbibliothek Aufenthaltsbibliothek Aufstellungsort Erwerbungsdatum Inventarnummer Signatur Barcode Letzte Aktivität Preis gültig von Koha-Medientyp
    Andere/Generische Klassifikation     MWN Osteuropa MWN Osteuropa Lesesaal - 1 07/02/2011 11-01744 D 54 q Fri E004015079086D2A 23/02/2021 22/03/2021 Monographien